000 00705cam a2200241 a 4500
001 14532659
005 20180312090735.0
008 060902s2006 ncua b 000 0 eng d
010 _a 2006297871
020 _a0977080722 (pbk.)
035 _a(OCoLC)ocm70293209
040 _aKTS
_cKTS
_dDLC
041 _aeng
042 _alccopycat
080 _a2 LAN
100 1 _a24
101 _aTEO
245 1 0 _aHow people change /
_cTimothy S. Lane and Paul David Tripp.
504 _aIncludes bibliographical references.
906 _a7
_bcbc
_ccopycat
_d2
_encip
_f20
_gy-gencatlg
942 _2ddc
_cBK
999 _c44759
_d44759